| 000 | 00419nam a2200157 a 4500 | ||
|---|---|---|---|
| 005 | 20140310183507.0 | ||
| 008 | 100918s19uu xx 00 eng d | ||
| 050 |
_aPZ 7 _b.T238 1989 |
||
| 100 | _aTaylor, Janelle | ||
| 245 |
_aKiss of the night wind / _cJanelle Taylor. |
||
| 260 |
_aNew York : _bKensington Pub.Co, _c1989. |
||
| 300 |
_a512 p. : _c18 cm. |
||
| 650 | _aFiction | ||
| 942 |
_cBK _2lcc |
||
| 999 |
_c24075 _d24075 |
||